Jellemnevelés a napközi otthonban

Elmentve itt :
Bibliográfiai részletek
Szerző: Kelendi Gyuláné
Dokumentumtípus: Cikk
Megjelent: 1980
Sorozat:Módszertani közlemények 20 No. 2
Kulcsszavak:Neveléstudomány
Online Access:http://acta.bibl.u-szeged.hu/26849
LEADER 00611nab a2200181 i 4500
001 acta26849
005 20210224114026.0
008 161017s1980 hu o 0|| hun d
022 |a 0544-7224 
040 |a SZTE Egyetemi Kiadványok Repozitórium  |b hun 
041 |a hun 
100 1 |a Kelendi Gyuláné 
245 1 0 |a Jellemnevelés a napközi otthonban  |h [elektronikus dokumentum] /  |c  Kelendi Gyuláné 
260 |c 1980 
300 |a 130-133 
490 0 |a Módszertani közlemények  |v 20 No. 2 
695 |a Neveléstudomány 
856 4 0 |u http://acta.bibl.u-szeged.hu/26849/1/modszertani_020_002_130-133.pdf  |z Dokumentum-elérés